[Event "Karlsruhe Grenke op"]
[Site "Karlsruhe"]
[Date "2025.04.17"]
[Round "1"]
[White "Ceres, Dragos"]
[Black "Strathmann, Sascha"]
[Result "1-0"]
[WhiteElo "2453"]
[BlackElo "2100"]
[PlyCount "43"]
[EventDate "2025.04.17"]
[EventType "swiss"]
[EventRounds "9"]
[EventCountry "GER"]
[SourceTitle "CB17_2025"]
[SourceDate "2025.04.23"]
[SourceVersion "1"]
[SourceVersionDate "2025.04.23"]
[SourceQuality "1"]

1. e4 c5 2. Nf3 e6 3. c3 Nf6 4. e5 Nd5 5. g3 Nc6 6. Bg2 d6 7. exd6 Bxd6 8. 0-0 0-0 9. d4 cxd4 10. Nxd4 Nxd4 11. Qxd4 Qc7 12. c4 Nb4 13. Nc3 a6 14. Qh4 Be7 15. Qe4 f5 16. Bf4 fxe4 17. Bxc7 e3 18. fxe3 Rxf1+ 19. Rxf1 Nc2 20. Na4 Nxe3 21. Nb6 Nxf1 22. Kxf1 1-0

[Event "La Nucia op 5th"]
[Site "La Nucia"]
[Date "2024.10.12"]
[Round "8"]
[White "Ceres, Dragos"]
[Black "Fedorchuk, Sergey A"]
[Result "1/2-1/2"]
[WhiteElo "2438"]
[BlackElo "2550"]
[PlyCount "47"]
[EventDate "2024.10.07"]
[EventType "swiss"]
[EventRounds "9"]
[EventCountry "ESP"]
[SourceTitle "CB44_2024"]
[Source "Chessbase"]
[SourceDate "2024.10.30"]
[SourceVersion "1"]
[SourceVersionDate "2024.10.30"]
[SourceQuality "1"]

1. e4 e5 2. Nf3 Nc6 3. Bc4 Bc5 4. c3 Nf6 5. d3 d6 6. 0-0 a6 7. a4 Ba7 8. Nbd2 0-0 9. h3 h6 10. Re1 Re8 11. b4 Qe7 12. Nf1 Be6 13. Bxe6 Qxe6 14. Ng3 d5 15. Rb1 b5 16. Nh4 dxe4 17. dxe4 Ne7 18. axb5 axb5 19. Qe2 Qc6 20. Qf3 Rad8 21. Nhf5 Kh7 22. Nxe7 Rxe7 23. Nf5 Re6 24. Be3 1/2-1/2

[Event "Monselice La Giostra della Rocca"]
[Site "Monselice"]
[Date "2024.09.08"]
[Round "5"]
[White "Basso, Pier Luigi"]
[Black "Ceres, Dragos"]
[Result "1/2-1/2"]
[WhiteElo "2521"]
[BlackElo "2460"]
[PlyCount "31"]
[EventDate "2024.09.08"]
[EventType "tourn"]
[EventRounds "9"]
[EventCountry "ITA"]
[EventCategory "9"]
[SourceTitle "EXT 2025"]
[Source "ChessBase"]
[SourceDate "2024.10.14"]
[SourceVersion "1"]
[SourceVersionDate "2024.10.14"]
[SourceQuality "1"]

1. e4 c5 2. Nf3 d6 3. d4 cxd4 4. Nxd4 Nf6 5. Nc3 a6 6. Be2 e5 7. Nf3 Be7 8. Bg5 Nbd7 9. a4 Qc7 10. Nd2 h6 11. Bh4 g5 12. Bg3 Nc5 13. h4 g4 14. h5 Rg8 15. Bh4 Be6 16. g3 1/2-1/2

[Event "Monselice La Giostra della Rocca"]
[Site "Monselice"]
[Date "2024.09.08"]
[Round "6"]
[White "Ceres, Dragos"]
[Black "Moroni, Luca Jr"]
[Result "0-1"]
[WhiteElo "2460"]
[BlackElo "2558"]
[PlyCount "116"]
[EventDate "2024.09.08"]
[EventType "tourn"]
[EventRounds "9"]
[EventCountry "ITA"]
[EventCategory "9"]
[SourceTitle "EXT 2025"]
[Source "ChessBase"]
[SourceDate "2024.10.14"]
[SourceVersion "1"]
[SourceVersionDate "2024.10.14"]
[SourceQuality "1"]

1. e4 g6 2. d4 Bg7 3. Nc3 a6 4. f4 d5 5. e5 h5 6. Nf3 Nh6 7. Be3 Nc6 8. a3 Bg4 9. Be2 e6 10. 0-0 Nf5 11. Bf2 Bh6 12. Qd2 f6 13. Rad1 fxe5 14. Nxe5 Nxe5 15. dxe5 Qe7 16. h3 Bxe2 17. Nxe2 g5 18. fxg5 Bxg5 19. Qd3 0-0-0 20. c4 d4 21. Qe4 Be3 22. Rd3 Rhg8 23. Bxe3 Nxe3 24. Rf2 c5 25. b3 Rg7 26. Nf4 Qh4 27. Rxe3 dxe3 28. Qxe3 Qg3 29. Qxg3 Rxg3 30. Nxe6 Re8 31. Nxc5 Rxe5 32. Rf8+ Kc7 33. Rf7+ Kc6 34. b4 Re2 35. Rf6+ Kc7 36. Rf7+ Kc6 37. Rf6+ Kc7 38. Rf7+ Kb8 39. b5 axb5 40. cxb5 Rgxg2+ 41. Kf1 b6 42. Nd7+ Kc7 43. Nf6+ Kd6 44. Nxh5 Ra2 45. Nf4 Rh2 46. Kg1 Rhb2 47. Nh5 Rxb5 48. Ng3 Rb1+ 49. Nf1 Rxa3 50. h4 Rh3 51. Rf4 Rb2 52. Rg4 b5 53. Ng3 Ke5 54. h5 b4 55. Rg6 b3 56. h6 Rc2 57. Nf1 b2 58. Rb6 Rxh6 0-1

[Event "Monselice La Giostra della Rocca"]
[Site "Monselice"]
[Date "2024.09.08"]
[Round "8"]
[White "Ceres, Dragos"]
[Black "Rossi, Carlo"]
[Result "1-0"]
[WhiteElo "2460"]
[BlackElo "2245"]
[PlyCount "87"]
[EventDate "2024.09.08"]
[EventType "tourn"]
[EventRounds "9"]
[EventCountry "ITA"]
[EventCategory "9"]
[SourceTitle "EXT 2025"]
[Source "ChessBase"]
[SourceDate "2024.10.14"]
[SourceVersion "1"]
[SourceVersionDate "2024.10.14"]
[SourceQuality "1"]

1. e4 c5 2. Nf3 Nf6 3. e5 Nd5 4. Nc3 e6 5. Ne4 f5 6. Nc3 Nc6 7. Bb5 Nxc3 8. dxc3 Qc7 9. Bf4 a6 10. Be2 b6 11. Qd2 h6 12. h4 Bb7 13. 0-0-0 0-0-0 14. h5 Be7 15. Rh3 Rhe8 16. Rg3 Bf8 17. Qe3 b5 18. Nh4 Ne7 19. Ng6 Nd5 20. Rxd5 Bxd5 21. Nxf8 Rxf8 22. Rxg7 Rg8 23. Bxh6 f4 24. Qxf4 Rgf8 25. Qe3 Rf5 26. f4 Rh8 27. g4 Rxh5 28. gxh5 Rxh6 29. Qg1 Kb7 30. Rf7 Rh8 31. Qg7 Rd8 32. h6 Qc6 33. h7 Qc8 34. b3 c4 35. Kb2 b4 36. cxb4 c3+ 37. Ka3 a5 38. h8Q axb4+ 39. Kxb4 Rxh8 40. Rxd7+ Kb8 41. Qe7 Ka8 42. Rc7 Qb8+ 43. Kxc3 Rc8 44. Qa3+ 1-0

[Event "Spilimbergo op 22nd"]
[Site "Spilimbergo"]
[Date "2024.08.15"]
[Round "9"]
[White "Akhvlediani, Irakli"]
[Black "Ceres, Dragos"]
[Result "1/2-1/2"]
[WhiteElo "2363"]
[BlackElo "2479"]
[PlyCount "80"]
[EventDate "2024.08.09"]
[EventType "swiss"]
[EventRounds "9"]
[EventCountry "ITA"]
[SourceTitle "EXT 2025"]
[Source "ChessBase"]
[SourceDate "2024.10.14"]
[SourceVersion "1"]
[SourceVersionDate "2024.10.14"]
[SourceQuality "1"]

1. c4 e5 2. Nc3 Nf6 3. g3 c6 4. d4 e4 5. a3 d5 6. Bg5 Nbd7 7. cxd5 cxd5 8. Qa4 Qb6 9. Qb5 a6 10. Qxb6 Nxb6 11. Bxf6 gxf6 12. e3 h5 13. h4 Bg4 14. Be2 f5 15. Bxg4 fxg4 16. Nge2 Bd6 17. b3 Rc8 18. Kd2 Kd7 19. Rhc1 Rc6 20. Nf4 Bxf4 21. exf4 Rhc8 22. Nd1 Na8 23. Ne3 Nc7 24. a4 a5 25. Rab1 Ke6 26. Rc2 Na6 27. Rbc1 f5 28. Rc3 Nb4 29. Rxc6+ Rxc6 30. Rc3 Nd3 31. Rxd3 exd3 32. Kxd3 Rc1 33. Kd2 Ra1 34. Nd1 Kd6 35. Nc3 Kc6 36. Kd3 b5 37. axb5+ Kb6 38. Kd2 Rf1 39. Ke2 Rc1 40. Kd2 Rf1 1/2-1/2

[Event "Valencia Cuna op 5th"]
[Site "Valencia"]
[Date "2024.07.12"]
[Round "7"]
[White "Del Rio de Angelis, Salvador Gabriel"]
[Black "Ceres, Dragos"]
[Result "1/2-1/2"]
[WhiteElo "2420"]
[BlackElo "2473"]
[PlyCount "40"]
[EventDate "2024.07.06"]
[EventType "swiss"]
[EventRounds "9"]
[EventCountry "ESP"]
[SourceTitle "CBM 221 Extra"]
[Source "ChessBase"]
[SourceDate "2024.09.30"]
[SourceVersion "1"]
[SourceVersionDate "2024.09.30"]
[SourceQuality "1"]

1. d4 Nf6 2. c4 g6 3. g3 Bg7 4. Bg2 0-0 5. Nc3 d6 6. Nf3 c5 7. d5 e6 8. 0-0 exd5 9. cxd5 Re8 10. Re1 Ne4 11. Nxe4 Rxe4 12. Bg5 Qc7 13. Rc1 Na6 14. b3 h6 15. Bd2 b5 16. Bc3 Bxc3 17. Rxc3 Bb7 18. Qd2 Kg7 19. Qb2 Kg8 20. Qd2 Kg7 1/2-1/2

[Event "Valencia Cuna op 5th"]
[Site "Valencia"]
[Date "2024.07.06"]
[Round "1"]
[White "Gimeno Simo, Sergio"]
[Black "Ceres, Dragos"]
[Result "0-1"]
[WhiteElo "1972"]
[BlackElo "2473"]
[PlyCount "68"]
[EventDate "2024.07.06"]
[EventType "swiss"]
[EventRounds "9"]
[EventCountry "ESP"]
[SourceTitle "CBM 221 Extra"]
[Source "ChessBase"]
[SourceDate "2024.09.30"]
[SourceVersion "1"]
[SourceVersionDate "2024.09.30"]
[SourceQuality "1"]

1. e4 c5 2. Nf3 d6 3. d4 cxd4 4. Nxd4 Nf6 5. Nc3 a6 6. Be2 e5 7. Nb3 Be7 8. Qd3 Be6 9. Bd2 Nbd7 10. 0-0 0-0 11. Nd5 Bxd5 12. exd5 Re8 13. c4 a5 14. a4 b6 15. Rae1 Rc8 16. f4 Qc7 17. Kh1 Bf8 18. Qh3 g6 19. f5 Bg7 20. g4 Ne4 21. Bh6 Qd8 22. Bxg7 Kxg7 23. Bd3 Ng5 24. Qh4 e4 25. Nd4 exd3 26. f6+ Nxf6 27. Qxg5 Rxe1 28. Rxe1 d2 29. Rf1 Rxc4 30. Nf5+ Kh8 31. Ne3 Rc1 32. Nd1 Qe7 33. Qxd2 Qe4+ 34. Kg1 Rc2 0-1

[Event "Forni di Sopra op 15th"]
[Site "Forni di Sopra"]
[Date "2024.06.12"]
[Round "6"]
[White "Basso, Pier Luigi"]
[Black "Ceres, Dragos"]
[Result "1-0"]
[WhiteElo "2506"]
[BlackElo "2483"]
[PlyCount "99"]
[EventDate "2024.06.08"]
[EventType "swiss"]
[EventRounds "9"]
[EventCountry "ITA"]
[SourceTitle "CBM 220 Extra"]
[Source "ChessBase"]
[SourceDate "2024.07.31"]
[SourceVersion "1"]
[SourceVersionDate "2024.07.31"]
[SourceQuality "1"]

1. d4 d5 2. c4 e6 3. Nc3 c5 4. cxd5 exd5 5. Nf3 Nc6 6. dxc5 d4 7. Na4 Bxc5 8. Nxc5 Qa5+ 9. Bd2 Qxc5 10. Rc1 Qb6 11. e3 Nf6 12. Bc4 dxe3 13. Bxe3 Qb4+ 14. Qd2 Qxd2+ 15. Kxd2 0-0 16. Rhd1 Ng4 17. h3 Nxe3 18. Kxe3 Bf5 19. Bb5 Rfe8+ 20. Kf4 Be4 21. Rd7 Bxf3 22. gxf3 Rab8 23. Bxc6 bxc6 24. b3 a5 25. Ra7 Rb5 26. Rxc6 h5 27. h4 Re2 28. Rcc7 Rxa2 29. Rxf7 Rxb3 30. Rxg7+ Kh8 31. Rh7+ Kg8 32. Rhg7+ Kh8 33. Kg5 Rxf2 34. Kh6 Rb6+ 35. Rg6 Rxg6+ 36. Kxg6 Rg2+ 37. Kh6 Kg8 38. Rxa5 Kf7 39. Kxh5 Kf6 40. Rg5 Ra2 41. Kh6 Ra8 42. Rg6+ Kf7 43. h5 Ra4 44. Rg7+ Kf8 45. Rb7 Rf4 46. Kg6 Rxf3 47. Rb8+ Ke7 48. h6 Rg3+ 49. Kf5 Rf3+ 50. Ke4 1-0

[Event "Forni di Sopra op 15th"]
[Site "Forni di Sopra"]
[Date "2024.06.10"]
[Round "4"]
[White "Ceres, Dragos"]
[Black "Castellanos Rodriguez, Renier"]
[Result "1/2-1/2"]
[WhiteElo "2483"]
[BlackElo "2484"]
[PlyCount "85"]
[EventDate "2024.06.08"]
[EventType "swiss"]
[EventRounds "9"]
[EventCountry "ITA"]
[SourceTitle "CBM 220 Extra"]
[Source "ChessBase"]
[SourceDate "2024.07.31"]
[SourceVersion "1"]
[SourceVersionDate "2024.07.31"]
[SourceQuality "1"]

1. e4 c5 2. Nf3 e6 3. c3 Nf6 4. e5 Nd5 5. g3 Nc6 6. Bg2 d6 7. exd6 Bxd6 8. d4 0-0 9. dxc5 Bxc5 10. 0-0 Bd7 11. Nbd2 Qc7 12. Nb3 Be7 13. Re1 Rfd8 14. Qe2 Rac8 15. Bg5 h6 16. Bxe7 Ndxe7 17. a4 b6 18. h4 Be8 19. Qe4 Nd5 20. Nbd4 Nf6 21. Qe2 Nxd4 22. Nxd4 a5 23. Bf3 Qc4 24. Qe3 Nd5 25. Qe5 Qc7 26. Ra3 Qxe5 27. Rxe5 Nf6 28. Re1 Rc5 29. Kg2 Rd6 30. Raa1 g6 31. Red1 Rd8 32. Re1 Rd6 33. g4 Kf8 34. Kg3 Bd7 35. Red1 Ke7 36. Nb3 Rxd1 37. Bxd1 Re5 38. Bf3 g5 39. Nd2 Rc5 40. Ra3 Kd8 41. hxg5 hxg5 42. Rb3 Kc7 43. Ra3 1/2-1/2

[Event "Forni di Sopra op 15th"]
[Site "Forni di Sopra"]
[Date "2024.06.08"]
[Round "1"]
[White "Ng, Jun Fung Isaac"]
[Black "Ceres, Dragos"]
[Result "0-1"]
[WhiteElo "1963"]
[BlackElo "2483"]
[PlyCount "90"]
[EventDate "2024.06.08"]
[EventType "swiss"]
[EventRounds "9"]
[EventCountry "ITA"]
[SourceTitle "CBM 220 Extra"]
[Source "ChessBase"]
[SourceDate "2024.07.31"]
[SourceVersion "1"]
[SourceVersionDate "2024.07.31"]
[SourceQuality "1"]

1. c4 e5 2. g3 Nf6 3. Bg2 c6 4. d4 e4 5. Nc3 d5 6. cxd5 cxd5 7. Bg5 Nbd7 8. Qa4 Qb6 9. Qb5 Bb4 10. a4 Qxd4 11. Bxf6 Bxc3+ 12. bxc3 Qxf6 13. Rd1 Qxc3+ 14. Kf1 0-0 15. Qxd5 Nf6 16. Qd4 Qxd4 17. Rxd4 Bf5 18. e3 Rac8 19. Ne2 Rc2 20. h3 h5 21. Rb4 Rfc8 22. Nd4 Ra2 23. Kg1 Bd7 24. Rxb7 a5 25. Rb1 Bxa4 26. Bf1 Bd7 27. Ba6 Rc3 28. Bb5 Bxb5 29. Rxb5 a4 30. Ra5 a3 31. Kg2 Rxe3 32. Ra1 Rxg3+ 33. Kxg3 Rxa1 34. Nc2 Rd1 35. Nxa3 Rd3+ 36. Kh2 Nd5 37. Nc4 Nf4 38. Ne3 g6 39. h4 Rd2 40. Kg3 Nd3 41. Rd5 f5 42. f4 exf3 43. Nc4 Rd1 44. Rd8+ Kg7 45. Rd7+ Kf6 0-1

[Event "ITA-chT GpB 55th"]
[Site "Vasto"]
[Date "2024.04.10"]
[Round "4.17"]
[White "Zwirs, Nico"]
[Black "Ceres, Dragos"]
[Result "1/2-1/2"]
[WhiteElo "2480"]
[BlackElo "2486"]
[PlyCount "43"]
[EventDate "2024.04.08"]
[EventType "team-tourn"]
[EventRounds "7"]
[EventCountry "ITA"]
[SourceTitle "CBM 219 Extra"]
[Source "ChessBase"]
[SourceDate "2024.05.31"]
[SourceVersion "1"]
[SourceVersionDate "2024.05.31"]
[SourceQuality "1"]
[WhiteTeam "Le Due Torri"]
[BlackTeam "Arrocco"]
[WhiteTeamCountry "ITA"]
[BlackTeamCountry "ITA"]

1. e4 e5 2. Nf3 Nc6 3. Bc4 Nf6 4. d3 h6 5. 0-0 Bc5 6. c3 d6 7. Re1 0-0 8. h3 a6 9. Bb3 Be6 10. Bxe6 fxe6 11. d4 Bb6 12. Be3 exd4 13. cxd4 d5 14. e5 Ne4 15. Nc3 Ba5 16. Rc1 Bxc3 17. bxc3 Na5 18. Nh2 Qh4 19. Qg4 Qxg4 20. hxg4 Nc4 21. f3 Nxe3 22. fxe4 1/2-1/2

[Event "San Vicente op 8th"]
[Site "San Vicente"]
[Date "2024.03.29"]
[Round "5"]
[White "Ceres, Dragos"]
[Black "Zylka, Stanislaw"]
[Result "1-0"]
[WhiteElo "2482"]
[BlackElo "2401"]
[PlyCount "103"]
[EventDate "2024.03.27"]
[EventType "swiss"]
[EventRounds "9"]
[EventCountry "ESP"]
[SourceTitle "CBM 219 Extra"]
[Source "ChessBase"]
[SourceDate "2024.05.31"]
[SourceVersion "1"]
[SourceVersionDate "2024.05.31"]
[SourceQuality "1"]

1. e4 e5 2. Nf3 Nc6 3. Bc4 Bc5 4. 0-0 Nf6 5. d3 d6 6. c3 a6 7. a4 Ba7 8. Re1 0-0 9. h3 b5 10. Bb3 b4 11. Bg5 Rb8 12. Nbd2 Be6 13. Bc2 Ne7 14. d4 Ng6 15. a5 h6 16. Be3 bxc3 17. bxc3 c5 18. Bd3 Bc8 19. dxe5 dxe5 20. Qe2 Qd6 21. Nc4 Qc7 22. Reb1 Bb7 23. Nfd2 Rbd8 24. Rb2 Rfe8 25. Bc2 Re7 26. Rab1 Bc6 27. Nb6 Bxb6 28. axb6 Qb7 29. Nb3 Qxb6 30. Bxc5 Qc7 31. Bxe7 Qxe7 32. Na5 Nf4 33. Qf3 Ba8 34. Rb8 Kh7 35. Rxd8 Qxd8 36. Nc4 Qc7 37. Nb6 Bb7 38. Kh2 Kg8 39. g3 Ne6 40. Nd5 Nxd5 41. exd5 Ng5 42. Qd1 Qc5 43. Rxb7 Qxf2+ 44. Kh1 g6 45. Rb2 Qxg3 46. Bf5 gxf5 47. d6 Kh7 48. d7 Ne6 49. Qf1 f4 50. Qb1+ Kh8 51. Rb8+ Kg7 52. Qg1 1-0

[Event "San Vicente op 8th"]
[Site "San Vicente"]
[Date "2024.03.29"]
[Round "4"]
[White "Garcia Martin, Marta"]
[Black "Ceres, Dragos"]
[Result "0-1"]
[WhiteElo "2356"]
[BlackElo "2482"]
[PlyCount "78"]
[EventDate "2024.03.27"]
[EventType "swiss"]
[EventRounds "9"]
[EventCountry "ESP"]
[SourceTitle "CBM 219 Extra"]
[Source "ChessBase"]
[SourceDate "2024.05.31"]
[SourceVersion "1"]
[SourceVersionDate "2024.05.31"]
[SourceQuality "1"]

1. e4 c5 2. Nf3 d6 3. d4 cxd4 4. Nxd4 Nf6 5. Nc3 a6 6. Be2 e5 7. Nb3 Be7 8. Be3 Be6 9. Nd5 Nbd7 10. Qd3 Bxd5 11. exd5 0-0 12. 0-0 Re8 13. a4 Qc7 14. a5 Rac8 15. c4 Bf8 16. Nd2 g6 17. b4 h5 18. Rac1 Qd8 19. Nb3 e4 20. Qd1 Ne5 21. h3 Qd7 22. Qd2 Kh7 23. Rfd1 Ng8 24. b5 axb5 25. cxb5 Bh6 26. Bxh6 Nxh6 27. Nd4 Rc5 28. Rxc5 dxc5 29. Nb3 Qd6 30. Qc3 Nd7 31. b6 e3 32. Bb5 exf2+ 33. Kxf2 Nf6 34. Kg1 Ne4 35. Qf3 Re5 36. Bc4 Nf5 37. Qf4 Neg3 38. Kh2 h4 39. Nd2 Re1 0-1

[Event "Nova Gorica op 28th"]
[Site "Nova Gorica"]
[Date "2024.02.01"]
[Round "8"]
[White "Ceres, Dragos"]
[Black "Basso, Pier Luigi"]
[Result "0-1"]
[WhiteElo "2438"]
[BlackElo "2482"]
[PlyCount "146"]
[EventDate "2024.01.26"]
[EventType "swiss"]
[EventRounds "9"]
[EventCountry "SLO"]
[SourceTitle "CBM 218 Extra"]
[Source "ChessBase"]
[SourceDate "2024.03.31"]
[SourceVersion "1"]
[SourceVersionDate "2024.03.31"]
[SourceQuality "1"]

1. e4 e5 2. Nf3 Nc6 3. Bc4 Bc5 4. 0-0 Nf6 5. d3 0-0 6. c3 d5 7. exd5 Nxd5 8. a4 Bf5 9. a5 a6 10. Re1 Qd6 11. Qe2 Nf6 12. Nbd2 Rad8 13. Ne4 Nxe4 14. dxe4 Be6 15. b4 Ba7 16. Bxe6 Qxe6 17. b5 axb5 18. Qxb5 f5 19. Ba3 fxe4 20. Rxe4 Qg6 21. Qc4+ Rf7 22. Nxe5 Nxe5 23. Rxe5 Bxf2+ 24. Kh1 Kh8 25. Bc5 Bxc5 26. Qxc5 Rdf8 27. Rg1 h6 28. h3 Kh7 29. Qb4 c6 30. Qc4 Rf4 31. Qe6 Qxe6 32. Rxe6 Ra4 33. Re7 Rxa5 34. Rxb7 Rc5 35. Rc1 Rf2 36. Kg1 Rd2 37. Rf7 h5 38. Rf2 Rd3 39. Rfc2 Kg6 40. Kf2 Kf5 41. Ke2 Rg3 42. Kf2 Rd3 43. Ke2 Ke4 44. c4 Kd4 45. Kf2 g5 46. Ke2 Re3+ 47. Kf2 Rd3 48. Ke2 Re5+ 49. Kf2 Rf5+ 50. Kg1 c5 51. Kh2 h4 52. Kg1 Re5 53. Kh2 Ree3 54. Rf2 Rc3 55. Rd1+ Rcd3 56. Rc1 Rc3 57. Rd1+ Kxc4 58. Rf5 Rg3 59. Rdd5 Kb4 60. Rxg5 Rxg5 61. Rxg5 Rd3 62. Rg4+ Rd4 63. g3 hxg3+ 64. Kg2 Ka4 65. Rxg3 c4 66. Kf2 Kb4 67. Ke2 c3 68. Rg8 c2 69. Rc8 Kb3 70. Rb8+ Kc3 71. Rc8+ Kb2 72. Rb8+ Kc1 73. Rb7 Re4+ 0-1

[Event "Nova Gorica op 28th"]
[Site "Nova Gorica"]
[Date "2024.01.28"]
[Round "4"]
[White "Sebenik, Matej"]
[Black "Ceres, Dragos"]
[Result "0-1"]
[WhiteElo "2536"]
[BlackElo "2438"]
[PlyCount "86"]
[EventDate "2024.01.26"]
[EventType "swiss"]
[EventRounds "9"]
[EventCountry "SLO"]
[SourceTitle "CBM 218 Extra"]
[Source "ChessBase"]
[SourceDate "2024.03.31"]
[SourceVersion "1"]
[SourceVersionDate "2024.03.31"]
[SourceQuality "1"]

1. c4 Nf6 2. Nf3 g6 3. Nc3 Bg7 4. e4 d6 5. d4 0-0 6. Be2 Nbd7 7. 0-0 e5 8. Re1 exd4 9. Nxd4 Re8 10. Bf1 a6 11. Bg5 c6 12. Qd2 Nc5 13. f3 Qc7 14. Kh1 Nfd7 15. Bh6 a5 16. Bxg7 Kxg7 17. b3 Ne5 18. f4 Ng4 19. Qb2 Kg8 20. Rad1 Qb6 21. h3 Nf6 22. e5 dxe5 23. Rxe5 Bd7 24. Nf3 Rxe5 25. fxe5 Nfe4 26. Nxe4 Nxe4 27. Kh2 Be6 28. Rd4 Nc5 29. Qd2 Qc7 30. Kg1 Nd7 31. Kh1 Re8 32. Rd6 Bf5 33. Qd4 c5 34. Qd5 Re7 35. Kg1 Kg7 36. Bd3 Bxd3 37. Qxd3 Nxe5 38. Nxe5 Rxe5 39. Rd7 Re1+ 40. Kf2 Qe5 41. Rd5 Qa1 42. Rxc5 Rc1 43. Rd5 Qb2+ 0-1

[Event "Nova Gorica op 28th"]
[Site "Nova Gorica"]
[Date "2024.01.26"]
[Round "1"]
[White "Ceres, Dragos"]
[Black "Marchesich, Giovanni"]
[Result "1-0"]
[WhiteElo "2438"]
[BlackElo "2210"]
[PlyCount "95"]
[EventDate "2024.01.26"]
[EventType "swiss"]
[EventRounds "9"]
[EventCountry "SLO"]
[SourceTitle "CBM 218 Extra"]
[Source "ChessBase"]
[SourceDate "2024.03.31"]
[SourceVersion "1"]
[SourceVersionDate "2024.03.31"]
[SourceQuality "1"]

1. e4 c6 2. d4 d5 3. exd5 cxd5 4. Bd3 Nf6 5. h3 Nc6 6. c3 g6 7. Nf3 Bf5 8. 0-0 Bxd3 9. Qxd3 Qc7 10. Re1 e6 11. Be3 Bg7 12. Nbd2 0-0 13. g3 Nh5 14. Nf1 Rae8 15. Re2 f5 16. Bd2 h6 17. Rae1 Qf7 18. b4 Kh7 19. Kg2 Qg8 20. h4 Nf6 21. Bf4 Ne4 22. N1d2 Bf6 23. Rh1 Qg7 24. b5 Na5 25. Qe3 Rc8 26. Nxe4 fxe4 27. Ng5+ Bxg5 28. hxg5 h5 29. f3 Nc4 30. Qf2 e5 31. dxe5 Nxe5 32. fxe4 Nd3 33. Qd4 Qxd4 34. cxd4 Rxf4 35. gxf4 Nxf4+ 36. Kf3 Nxe2 37. Kxe2 dxe4 38. Ke3 Re8 39. Rc1 Re7 40. d5 Kg8 41. Kd4 Kf7 42. d6 Rd7 43. Kd5 e3 44. Rc3 Ke8 45. Rxe3+ Kd8 46. Ke6 Rh7 47. Rf3 Rh8 48. d7 1-0

[Event "Seville op 49th"]
[Site "Seville"]
[Date "2024.01.16"]
[Round "5"]
[White "Ceres, Dragos"]
[Black "Zaragoza Alanis, Miguel Arnulfo"]
[Result "1-0"]
[WhiteElo "2438"]
[BlackElo "2069"]
[PlyCount "61"]
[EventDate "2024.01.12"]
[EventType "swiss"]
[EventRounds "9"]
[EventCountry "ESP"]
[SourceTitle "CBM 218 Extra"]
[Source "ChessBase"]
[SourceDate "2024.03.31"]
[SourceVersion "1"]
[SourceVersionDate "2024.03.31"]
[SourceQuality "1"]

1. e4 e5 2. Nf3 Nc6 3. Bc4 Bc5 4. c3 Nf6 5. d3 d6 6. 0-0 a6 7. a4 Ba7 8. Re1 h6 9. Nbd2 0-0 10. h3 Be6 11. Bxe6 fxe6 12. b4 Ne7 13. Nf1 Ng6 14. Ra2 Qd7 15. g3 Rf7 16. Kg2 Raf8 17. N1h2 c6 18. Qb3 Qe8 19. b5 Nd7 20. Qd1 d5 21. bxc6 bxc6 22. h4 Nc5 23. h5 dxe4 24. dxe4 Rd7 25. Qe2 Nh8 26. Nxe5 Nxa4 27. Qxa6 Nc5 28. Qxc6 Rb7 29. Rxa7 Rxa7 30. Qxc5 Rb7 31. Ba3 1-0

[Event "Seville op 49th"]
[Site "Seville"]
[Date "2024.01.14"]
[Round "3"]
[White "Ceres, Dragos"]
[Black "Jankowiak, Tomasz"]
[Result "1-0"]
[WhiteElo "2438"]
[BlackElo "2149"]
[PlyCount "91"]
[EventDate "2024.01.12"]
[EventType "swiss"]
[EventRounds "9"]
[EventCountry "ESP"]
[SourceTitle "CBM 218 Extra"]
[Source "ChessBase"]
[SourceDate "2024.03.31"]
[SourceVersion "1"]
[SourceVersionDate "2024.03.31"]
[SourceQuality "1"]

1. e4 c6 2. d4 d5 3. exd5 cxd5 4. Bd3 Nc6 5. c3 Nf6 6. h3 e5 7. dxe5 Nxe5 8. Nf3 Nxd3+ 9. Qxd3 Bd6 10. 0-0 0-0 11. Be3 Be6 12. Nd4 Qd7 13. Nxe6 Qxe6 14. Nd2 Ne4 15. Rad1 Bc7 16. Rfe1 Qd6 17. Nxe4 Qh2+ 18. Kf1 dxe4 19. Qxe4 Rfe8 20. Qf3 Re7 21. Qxb7 Rae8 22. Rd3 Bb6 23. Qf3 f5 24. Qd5+ Rf7 25. g3 f4 26. gxf4 Rd8 27. Bc5 g6 28. Qxd8+ Bxd8 29. Re8+ Kg7 30. Rexd8 Qh1+ 31. Ke2 Qb1 32. Rb8 Qxa2 33. Bd4+ Kh6 34. Be3 Qa6 35. f5+ Kh5 36. fxg6 Rd7 37. Bd4 Re7+ 38. Kd2 Kxg6 39. Rf8 Qb5 40. b4 Qg5+ 41. Re3 Kh5 42. h4 Qh6 43. Rf5+ Kg4 44. Rf6 Qh5 45. Rg3+ Kxh4 46. Rf4+ 1-0

[Event "Seville op 49th"]
[Site "Seville"]
[Date "2024.01.12"]
[Round "1"]
[White "Ceres, Dragos"]
[Black "Cadenas Falcon, Jose Antonio"]
[Result "1-0"]
[WhiteElo "2438"]
[BlackElo "1733"]
[PlyCount "43"]
[EventDate "2024.01.12"]
[EventType "swiss"]
[EventRounds "9"]
[EventCountry "ESP"]
[SourceTitle "CBM 218 Extra"]
[Source "ChessBase"]
[SourceDate "2024.03.31"]
[SourceVersion "1"]
[SourceVersionDate "2024.03.31"]
[SourceQuality "1"]

1. e4 e6 2. d4 d5 3. Nc3 dxe4 4. Nxe4 Nd7 5. Be3 Ngf6 6. Nxf6+ Nxf6 7. Nf3 Be7 8. Bd3 0-0 9. Qe2 b6 10. 0-0-0 Bb7 11. Kb1 Qc8 12. h4 a5 13. Bg5 c5 14. Rh3 Ba6 15. c4 Bb7 16. d5 b5 17. Bxf6 Bxf6 18. Bxh7+ Kxh7 19. Ng5+ Kh6 20. Qe4 g6 21. Rg3 exd5 22. Nxf7+ 1-0

[Event "Parma City of Culture op 4th"]
[Site "Parma"]
[Date "2024.01.07"]
[Round "6"]
[White "Seresin, Francesco"]
[Black "Ceres, Dragos"]
[Result "0-1"]
[WhiteElo "2352"]
[BlackElo "2438"]
[PlyCount "96"]
[EventDate "2024.01.05"]
[EventType "swiss"]
[EventRounds "6"]
[EventCountry "ITA"]
[SourceTitle "CBM 218 Extra"]
[Source "ChessBase"]
[SourceDate "2024.03.31"]
[SourceVersion "1"]
[SourceVersionDate "2024.03.31"]
[SourceQuality "1"]

1. d4 d5 2. c4 e6 3. Nf3 c6 4. Qc2 Bd6 5. g3 f5 6. Bg2 Nf6 7. 0-0 0-0 8. b3 Ne4 9. Ba3 b6 10. Bxd6 Qxd6 11. Nbd2 Ba6 12. Rfc1 Nd7 13. cxd5 cxd5 14. Qc7 Rfc8 15. Qxd6 Nxd6 16. e3 h6 17. Ne1 g5 18. Nc2 Bb7 19. Ne1 Ne4 20. Nxe4 dxe4 21. Nd3 Kf7 22. Ne5+ Nxe5 23. dxe5 a5 24. Bf1 Bd5 25. Bb5 Ke7 26. Kf1 Kd8 27. Ke2 Rc5 28. Rxc5 bxc5 29. Rc1 Kc7 30. Kd2 Kb6 31. Ba4 Rd8 32. Kc2 Bc6 33. Bxc6 Kxc6 34. Rh1 Rd5 35. h4 g4 36. Rd1 Kc7 37. Rd2 Rxe5 38. Kc3 Rd5 39. a4 Kc6 40. Kc2 h5 41. Rd1 c4 42. Rxd5 cxb3+ 43. Kxb3 exd5 44. Kc2 Kc5 45. Kc3 d4+ 46. exd4+ Kd5 47. Kc2 Kxd4 48. Kd2 Kc4 0-1